000 00360nam a2200145Ia 4500
008 230917s9999||||xx |||||||||||||| ||und||
040 _e152295
_aMAIN
041 _aEnglish
082 _a320.947 K164S
100 _aKaul, T N
245 0 _aStalin to gorbachev and beyond
260 _aNew Delhi
_bLancer International
_c1991
300 _a301 p.
942 _cBK
999 _c68981
_d68981